000 00415nam a22001577a 4500
020 _a0439968593
082 _a823
_bPOS/1
100 _aPOSKITT, KJARTAN
245 _aMURDEROUS MATHS: THE FIENDISH INGLETRON
246 _aMURDEROUS MATHS: THE FIENDISH INGLETRON
260 _aNEW DELHI
_bSCHOLASTIC
_c2004
300 _a208
520 _aTRIGNOMETIC TASKS BOOKS
650 _aTRIGNOMETIC TASKS BOOKS
942 _cBK
999 _c2151
_d2151